LEADER 01107nam0-22003851i-450- 001 990005561520203316 005 20110510024229.324 035 $a000556152 035 $aUSA01000556152 035 $a(ALEPH)000556152USA01 035 $a000556152 100 $a20110510d1978-------|0itac50------ba 101 $aita 102 $aIT 105 $a|||| ||||| 200 1 $a<> tressette$ele generalità, il codice, la tecnica$fAchille Cimmaruta 205 $a6. ed 210 $aNapoli$cLibreria C. Pironti$dstampa 1978 215 $a162 p.$d19 cm 606 $aTressette$2FI 620 $dNapoli 676 $a795$cGiochi di carte, Giochi d'azzardo$v22 700 1$aCIMMARUTA,$bAchille$0614645 712 $aLibreria C. Pironti 801 $aIT$bSOL$c20120104 912 $a990005561520203316 950 $aDIP.TO SCIENZE ECONOMICHE - (SA)$dDS 700 795 CIM$eFPP250 DISES 951 $a700 795 CIM$b250 DISES 959 $aBK 969 $aDISES 979 $c20121027$lUSA01$h1533 979 $c20121027$lUSA01$h1613 996 $aTressette$91131463 997 $aUNISA NUM $aUSA20385 LEADER 02310nam 2200601 a 450 001 9910783576103321 005 20200520144314.0 010 $a1-281-37675-2 010 $a9786611376758 010 $a1-4237-1964-6 035 $a(CKB)1000000000242593 035 $a(EBL)3137197 035 $a(SSID)ssj0000194039 035 $a(PQKBManifestationID)11166286 035 $a(PQKBTitleCode)TC0000194039 035 $a(PQKBWorkID)10227181 035 $a(PQKB)10620032 035 $a(Au-PeEL)EBL3137197 035 $a(CaPaEBR)ebr10126113 035 $a(CaONFJC)MIL137675 035 $a(OCoLC)922997919 035 $a(MiAaPQ)EBC3137197 035 $a(EXLCZ)991000000000242593 100 $a20041129d2005 uy 0 101 0 $aeng 135 $aur|n|---||||| 181 $ctxt 182 $cc 183 $acr 200 04$aThe long arm of papal authority$b[electronic resource] $elate medieval Christian peripheries and their communication with the Holy See /$fedited by Gerhard Jaritz, Torstein Jørgensen, Kirsi Salonen 205 $a2nd rev. ed. 210 $aBudapest ;$aNew York $cCentral European University Press$dc2005 215 $a1 online resource (194 p.) 225 1 $aCEU medievalia,$x1587-6470 ;$v8 300 $a"Selected papers from two international conferences: the first was held at the Centre for Medieval Studies, University of Bergen (Norway), in October, 2003 and the second at the Department of Medieval Studies, Central European University, Budapest (Hungary), in January, 2004"--P. [xi]. 311 $a963-7326-06-5 320 $aIncludes bibliographical references. 410 0$aCEU medievalia ;$v8. 606 $aCommunication$xReligious aspects$xCatholic Church$xHistory$yTo 1500$vCongresses 607 $aEurope, Northern$xChurch history$vCongresses 607 $aEurope, Eastern$xChurch history$vCongresses 615 0$aCommunication$xReligious aspects$xCatholic Church$xHistory 676 $a282/.4/0902 701 $aJaritz$b Gerhard$f1949-$0152575 701 $aJørgensen$b Torsten Bo$01527097 701 $aSalonen$b Kirsi$0454214 801 0$bMiAaPQ 801 1$bMiAaPQ 801 2$bMiAaPQ 906 $aBOOK 912 $a9910783576103321 996 $aThe long arm of papal authority$93769632 997 $aUNINA